=LDR 00000nam 2200000 4500 =001 INLIS000000000049766 =005 20170329082458.0 =006 =007 =008 =020 ##$$a 978-602-9434-98-9 =035 ##$$0010-031700000000211 =040 ##$$a NBPDMAT =082 ##$$a 371.95 =090 ##$$a 371.95 Fah m =100 ##$$a Fahmi Fasa =245 ##$$a Membesarkan anak berbakat $c Fahmi Fasa =260 ##$$a Yogyakarta $b Familia $c 2015 =300 ##$$a viii, 80 hlm. $c 21 cm. =500 ##$$a Bibliografi : hlm .73 - 74 =650 ##$$a Pendidikan Luar Biasa - Anak Berbakat =850 ##$$a NBPDMAT